Monotype Pokémon (Sudden Death) - Statistics

General Stats
  • This quiz has been taken 205 times
  • The average score is 13 of 24
Answers on the Grid
Answers color-coded by a green-red scale on the quiz's grid according to % correct below.
Floette
Snorlax
Sudowoodo
Clefairy
Rookidee
Cursola
Mudkip
Tangela
Meowth
Glaceon
Mewtwo
Typhlosion
Dunsparce
Mabosstiff
Pikachu
Goodra
Hariyama
Caterpie
Lilligant
Kyogre
Diglett
Haxorus
Copperajah
Nidoran
Arboliva
Magnemite
Gengar
Rayquaza
Lucario
Zubat
Abomasnow
Lapras
Incineroar
Garchomp
Marill
Gardevoir
Bulbasaur
Charizard
Bibarel
Jigglypuff
 
Answer Stats
Answer % Correct
Electric Pikachu
66%
Normal Snorlax
64%
Ground Diglett
63%
Psychic Mewtwo
63%
Ice Glaceon
62%
Normal Meowth
61%
Bug Caterpie
58%
Normal Dunsparce
55%
Dragon Haxorus
55%
Fire Typhlosion
55%
Fighting Hariyama
54%
Water Kyogre
54%
Grass Tangela
54%
Rock Sudowoodo
52%
Fairy Clefairy
51%
Dragon Goodra
48%
Water Mudkip
48%
Grass Lilligant
47%
Poison Nidoran
46%
Steel Copperajah
45%
Dark Mabosstiff
45%
Flying Rookidee
43%
Fairy Floette
42%
Ghost Cursola
35%
No matching quizzes found
Score Distribution
Percent of People with Each Score
Percentile by Number Answered
Your Score History
You have not taken this quiz